[Event "BIH-chT 14th"]
[Site "Prijedor"]
[Date "2015.09.05"]
[Round "1.5"]
[White "Kosic, Dragan"]
[Black "Lakic, Nikola"]
[Result "1-0"]
[WhiteElo "2468"]
[BlackElo "2239"]
[PlyCount "69"]
[EventDate "2015.09.05"]
[EventType "team-tourn"]
[EventRounds "9"]
[EventCountry "BIH"]
[SourceTitle "EXT 2016"]
[Source "ChessBase"]
[SourceDate "2015.10.08"]
[SourceVersion "1"]
[SourceVersionDate "2015.10.08"]
[SourceQuality "1"]
[WhiteTeam "Sarajevo Napredak"]
[BlackTeam "Banja Luka"]
[WhiteTeamCountry "BIH"]
[BlackTeamCountry "BIH"]

1. d4 Nf6 2. Nf3 g6 3. c4 Bg7 4. Nc3 0-0 5. e4 d6 6. Be2 e5 7. Be3 Ng4 8. Bg5 f6 9. Bh4 Nd7 10. 0-0 Nh6 11. h3 g5 12. Bg3 f5 13. exf5 Nxf5 14. Bh2 exd4 15. Nb5 a6 16. Nbxd4 Nxd4 17. Nxd4 Nc5 18. Bg4 Qf6 19. Nf3 h6 20. Bxc8 Raxc8 21. b4 Nd7 22. Rc1 Qf7 23. c5 Ne5 24. Bxe5 dxe5 25. Qe2 Rce8 26. Rc4 c6 27. Re4 Qe6 28. a3 Rf4 29. Re1 Rxe4 30. Qxe4 Qd5 31. h4 Qxe4 32. Rxe4 gxh4 33. Nxh4 Kf7 34. Nf5 Bf8 35. Ne3 1-0

[Event "BIH-chT"]
[Site "Neum"]
[Date "2011.06.08"]
[Round "5.6"]
[White "Pantic, Bojan"]
[Black "Lakic, Nikola"]
[Result "0-1"]
[WhiteElo "2088"]
[BlackElo "2242"]
[PlyCount "80"]
[EventDate "2011.06.04"]
[EventType "team-tourn"]
[EventRounds "9"]
[EventCountry "BIH"]
[SourceTitle "CBM 142 Extra"]
[Source "ChessBase"]
[SourceDate "2011.06.27"]
[SourceVersion "1"]
[SourceVersionDate "2011.06.27"]
[SourceQuality "1"]
[WhiteTeam "Bijeljina"]
[BlackTeam "Obudovac"]
[WhiteTeamCountry "BIH"]
[BlackTeamCountry "BIH"]

1. d4 Nf6 2. c4 g6 3. Nc3 Bg7 4. e4 d6 5. f4 0-0 6. Nf3 c5 7. d5 e6 8. dxe6 fxe6 9. Bd3 Nc6 10. 0-0 Nd4 11. Ng5 e5 12. f5 gxf5 13. exf5 h6 14. Nh3 a6 15. Be3 Bd7 16. Qe1 Ng4 17. Bxd4 cxd4 18. Nd5 Nf6 19. Nxf6+ Rxf6 20. g4 Bc6 21. Nf2 Rf7 22. Ne4 Qe7 23. Qg3 Bf6 24. Nxf6+ Qxf6 25. Rae1 Re8 26. Be4 Rg7 27. Rf2 Kh8 28. Rg2 Reg8 29. h3 Bxe4 30. Rxe4 Qxf5 31. Re1 b6 32. Rf2 Qe6 33. Qh4 Rxg4+ 34. hxg4 Rxg4+ 35. Qxg4 Qxg4+ 36. Rg2 Qe6 37. Rf1 d3 38. Rgf2 Qxc4 39. Rf6 Kg7 40. Rxd6 Qc5+ 0-1

[Event "Serbia-chT"]
[Site "Jahorina"]
[Date "2001.08.14"]
[Round "4"]
[White "Lekic, Dusan"]
[Black "Lakic, Nikola"]
[Result "1/2-1/2"]
[WhiteElo "2394"]
[BlackElo "2326"]
[PlyCount "52"]
[EventDate "2001.08.11"]
[EventType "team"]
[EventRounds "9"]
[EventCountry "YUG"]
[SourceTitle "EXT 2002"]
[Source "ChessBase"]
[SourceDate "2001.11.25"]
[SourceVersion "1"]
[SourceVersionDate "2001.11.25"]
[SourceQuality "1"]

1. e4 c5 2. Nf3 d6 3. d4 Nf6 4. Nc3 cxd4 5. Nxd4 a6 6. Be2 e5 7. Nb3 Be7 8. 0-0 0-0 9. Kh1 b5 10. a4 Bb7 11. f3 b4 12. Nd5 Nxd5 13. exd5 Nd7 14. c4 a5 15. Be3 f5 16. Qd2 Nc5 17. Bd1 Qc7 18. Bc2 Kh8 19. f4 exf4 20. Bxf4 Nxb3 21. Bxb3 Rac8 22. Rac1 Qd8 23. c5 g5 24. Bxd6 Bxd6 25. cxd6 Qxd6 26. Rfe1 f4 1/2-1/2

[Event "YUG-chT"]
[Site "Niksic"]
[Date "1996.??.??"]
[Round "?"]
[White "Maksimovic, Branimir"]
[Black "Lakic, Nikola"]
[Result "1-0"]
[WhiteElo "2395"]
[BlackElo "2320"]
[PlyCount "131"]
[EventDate "1996.??.??"]
[EventType "team"]
[EventRounds "12"]
[EventCountry "YUG"]
[SourceTitle "EXT 2000"]
[Source "ChessBase"]
[SourceDate "1999.11.16"]
[SourceVersion "1"]
[SourceVersionDate "1999.11.16"]
[SourceQuality "1"]

1. d4 Nf6 2. c4 g6 3. Nc3 Bg7 4. e4 d6 5. Nf3 0-0 6. Be2 e5 7. Bg5 h6 8. Bh4 Qe8 9. dxe5 dxe5 10. 0-0 Na6 11. Nd2 g5 12. Bg3 Nxe4 13. Ndxe4 f5 14. Qd5+ Qe6 15. a3 fxe4 16. Nxe4 c6 17. Qxe6+ Bxe6 18. Rfd1 Rad8 19. b4 Nc7 20. Nd6 b6 21. Rac1 Rd7 22. Nb7 Rb8 23. Rxd7 Bxd7 24. Rd1 Be8 25. Nd6 Ne6 26. Nxe8 Rxe8 27. Rd7 Nd4 28. Bh5 Ra8 29. Rxg7+ Kxg7 30. Bxe5+ Kh7 31. Bxd4 Rd8 32. Be3 Rd3 33. h4 Rxa3 34. hxg5 hxg5 35. Bf3 Ra1+ 36. Kh2 a5 37. bxa5 bxa5 38. Bxc6 a4 39. Bxg5 a3 40. Be4+ Kg7 41. Bf4 Re1 42. Be5+ Kh6 43. f3 a2 44. c5 a1Q 45. Bxa1 Rxa1 46. Kg3 Rc1 47. c6 Kg5 48. f4+ Kh5 49. Bf3+ Kg6 50. Kf2 Kf5 51. Ke3 Re1+ 52. Be2 Rc1 53. Bf3 Re1+ 54. Kd4 Ke6 55. Bg4+ Kd6 56. Bd7 Re2 57. g4 Re1 58. g5 Re2 59. f5 Rg2 60. f6 Rf2 61. Ke3 Rf1 62. Bh3 Rh1 63. Bg4 Rf1 64. Bd7 Rc1 65. Kf4 Rc5 66. g6 1-0

[Event "YUG-chT2"]
[Site "Yugoslavia"]
[Date "1994.??.??"]
[Round "7"]
[White "Lakic, Nikola"]
[Black "Zakic, Srdjan"]
[Result "1/2-1/2"]
[WhiteElo "2310"]
[BlackElo "2345"]
[PlyCount "61"]
[EventDate "1994.??.??"]
[EventType "team"]
[EventRounds "11"]
[EventCountry "YUG"]
[SourceTitle "EXT 1997"]
[Source "ChessBase"]
[SourceDate "1996.11.15"]
[SourceVersion "1"]
[SourceVersionDate "1996.11.15"]
[SourceQuality "1"]

1. d4 Nf6 2. c4 g6 3. Nf3 Bg7 4. g3 0-0 5. Bg2 d6 6. Nc3 c6 7. 0-0 Bf5 8. Ne1 Qc8 9. e4 Bh3 10. Nc2 Na6 11. f3 Bxg2 12. Kxg2 c5 13. d5 Nc7 14. a4 e6 15. Bg5 h6 16. Bxf6 Bxf6 17. dxe6 Qxe6 18. Qd3 a6 19. Rad1 Rfd8 20. Ne3 Rab8 21. b3 b6 22. Rd2 Bg7 23. Ncd5 Nxd5 24. Nxd5 Qd7 25. Rfd1 b5 26. axb5 axb5 27. Qe3 bxc4 28. bxc4 Qa4 29. Qf4 Rd7 30. Nf6+ Bxf6 31. Qxf6 1/2-1/2

[Event "YUG-ch"]
[Site "Kladovo"]
[Date "1991.??.??"]
[Round "1"]
[White "Lakic, Nikola"]
[Black "Brkljaca, Ante"]
[Result "1-0"]
[WhiteElo "2310"]
[BlackElo "2420"]
[PlyCount "87"]
[EventDate "1991.02.??"]
[EventType "swiss"]
[EventRounds "13"]
[EventCountry "YUG"]
[SourceTitle "TD"]
[Source "ChessBase"]
[SourceDate "1994.03.01"]
[SourceVersion "1"]
[SourceVersionDate "1994.03.01"]
[SourceQuality "1"]

1. d4 Nf6 2. c4 c5 3. d5 g6 4. Nc3 Bg7 5. e4 d6 6. Nf3 0-0 7. Be2 b5 8. cxb5 a6 9. 0-0 axb5 10. Bxb5 Ba6 11. Bxa6 Rxa6 12. h3 Nbd7 13. Re1 Qb8 14. Re2 Qb7 15. Rc2 Rb6 16. Qe2 Rb8 17. Nd2 Qa6 18. Nc4 Rb4 19. Nd1 Nb6 20. Nxb6 Qxb6 21. f3 Nh5 22. g4 Bd4+ 23. Kg2 Nf6 24. Rb1 Nd7 25. b3 Qa7 26. Bd2 R4b6 27. Nc3 Qb7 28. Nd1 Ne5 29. f4 Nd7 30. Ne3 Ra6 31. Nc4 Rba8 32. Be3 Bg7 33. Rd1 Nf6 34. Bf2 Qa7 35. Rdd2 Nd7 36. e5 dxe5 37. fxe5 Qb7 38. Kg1 e6 39. d6 Qc6 40. Bg3 Qb7 41. Bf4 h6 42. Qe3 g5 43. Bg3 Nf8 44. Qxc5 1-0

[Event "YUG-ch"]
[Site "Kladovo"]
[Date "1991.??.??"]
[Round "13"]
[White "Lakic, Nikola"]
[Black "Stanojoski, Zvonko"]
[Result "0-1"]
[WhiteElo "2310"]
[BlackElo "2370"]
[PlyCount "70"]
[EventDate "1991.02.??"]
[EventType "swiss"]
[EventRounds "13"]
[EventCountry "YUG"]
[SourceTitle "TD"]
[Source "ChessBase"]
[SourceDate "1994.03.01"]
[SourceVersion "1"]
[SourceVersionDate "1994.03.01"]
[SourceQuality "1"]

1. d4 Nf6 2. c4 e6 3. Nf3 d5 4. Nc3 c6 5. e3 Nbd7 6. Bd3 dxc4 7. Bxc4 b5 8. Bd3 a6 9. e4 c5 10. d5 c4 11. dxe6 fxe6 12. Bc2 Qc7 13. 0-0 Bb7 14. Ng5 Nc5 15. e5 Qxe5 16. Re1 Qd6 17. Qxd6 Bxd6 18. Nxe6 Nxe6 19. Rxe6+ Kd7 20. Re2 Rae8 21. Be3 Kc7 22. Rae1 Rhf8 23. h3 Bc6 24. a3 g6 25. Rd1 Be5 26. Bc5 Bxc3 27. Rxe8 Rxe8 28. bxc3 Nd5 29. Bd4 Re2 30. Rc1 Nf4 31. g3 Nd3 32. Bxd3 cxd3 33. Rd1 Bd5 34. f3 d2 35. Bf2 Bb3 0-1

[Event "YUG-ch"]
[Site "Kladovo"]
[Date "1991.??.??"]
[Round "12"]
[White "Raicevic, Vladimir"]
[Black "Lakic, Nikola"]
[Result "0-1"]
[WhiteElo "2440"]
[BlackElo "2310"]
[PlyCount "96"]
[EventDate "1991.02.??"]
[EventType "swiss"]
[EventRounds "13"]
[EventCountry "YUG"]
[SourceTitle "TD"]
[Source "ChessBase"]
[SourceDate "1994.03.01"]
[SourceVersion "1"]
[SourceVersionDate "1994.03.01"]
[SourceQuality "1"]

1. d4 Nf6 2. c4 g6 3. Nc3 Bg7 4. e4 d6 5. f3 0-0 6. Be3 b6 7. Qd2 c5 8. Nge2 Nc6 9. Rc1 a6 10. Nd1 e5 11. dxe5 dxe5 12. Ndc3 Nd4 13. Nd5 Nxd5 14. cxd5 a5 15. Nxd4 cxd4 16. Bg5 f6 17. Bh4 Bd7 18. Bd3 Qb8 19. 0-0 Qd6 20. Rc4 Rfc8 21. Rfc1 Rxc4 22. Rxc4 Ra7 23. a4 Rc7 24. Qc2 Rxc4 25. Qxc4 Bh6 26. Be1 Bf8 27. Kf1 Kg7 28. Ke2 h5 29. Bd2 Kh7 30. b3 Bh6 31. Be1 Bf8 32. Qa6 Qb8 33. Qc4 Qd6 34. Qc2 Kg7 35. Ba6 f5 36. Bc8 fxe4 37. fxe4 Be8 38. Be6 b5 39. Qc8 Bf7 40. Qb7 Be7 41. Bxf7 Kxf7 42. Qxb5 Qa3 43. Bxa5 Qb2+ 44. Kf3 g5 45. h3 g4+ 46. hxg4 hxg4+ 47. Kg3 Qc1 48. Kh2 g3+ 0-1

[Event "YUG-ch"]
[Site "Kladovo"]
[Date "1991.??.??"]
[Round "8"]
[White "Rasidovic, Sead"]
[Black "Lakic, Nikola"]
[Result "0-1"]
[WhiteElo "2365"]
[BlackElo "2310"]
[PlyCount "72"]
[EventDate "1991.02.??"]
[EventType "swiss"]
[EventRounds "13"]
[EventCountry "YUG"]
[SourceTitle "TD"]
[Source "ChessBase"]
[SourceDate "1994.03.01"]
[SourceVersion "1"]
[SourceVersionDate "1994.03.01"]
[SourceQuality "1"]

1. f4 d5 2. e3 Nf6 3. Nf3 g6 4. d3 Bg7 5. Be2 0-0 6. 0-0 c5 7. Qe1 Nc6 8. c3 b6 9. Na3 Ba6 10. e4 c4 11. dxc4 dxe4 12. Ne5 Qc7 13. Nxc6 Qxc6 14. f5 Nd7 15. Be3 Ne5 16. b3 Rad8 17. Nc2 Bb7 18. Nd4 Qc8 19. Qg3 Ba8 20. Bg5 Rd7 21. f6 exf6 22. Bxf6 Bxf6 23. Rxf6 Qc5 24. b4 Qe7 25. Raf1 Nf3+ 26. Bxf3 exf3 27. R6xf3 Bxf3 28. Qxf3 Re8 29. Rc1 Rc7 30. Qd3 Rxc4 31. Kf2 Rec8 32. Ne2 Re4 33. Rc2 Re8 34. Nd4 Qh4+ 35. Qg3 Rxd4 36. cxd4 Qxd4+ 0-1

[Event "YUG-Cup 29th"]
[Site "Pula"]
[Date "1986.05.20"]
[Round "2.2"]
[White "Dizdar, Goran"]
[Black "Lakic, Nikola"]
[Result "1-0"]
[WhiteElo "2465"]
[BlackElo "2305"]
[PlyCount "35"]
[EventDate "1986.05.19"]
[EventType "team"]
[EventRounds "5"]
[EventCountry "YUG"]
[SourceTitle "EXT 2018"]
[Source "ChessBase"]
[SourceDate "2017.10.13"]
[SourceVersion "1"]
[SourceVersionDate "2017.10.13"]
[SourceQuality "1"]
[WhiteTeam "Sarajevo Bosna"]
[BlackTeam "Banja Luka Nikica Pavlic"]
[WhiteTeamCountry "YUG"]
[BlackTeamCountry "YUG"]

1. e4 c5 2. Nc3 d6 3. g3 Nc6 4. d3 g6 5. Be3 Bg7 6. Qd2 e6 7. Bg2 Rb8 8. Nf3 Nd4 9. Bxd4 cxd4 10. Nb5 Qb6 11. Qb4 Kd7 12. e5 dxe5 13. Nd2 a5 14. Qa4 Ne7 15. Nc4 Qa6 16. Qa3 Nf5 17. Qc5 Rd8 18. Nb6+ 1-0

[Event "Banja Luka"]
[Site "Banja Luka"]
[Date "1981.04.??"]
[Round "?"]
[White "Bukic, Enver"]
[Black "Lakic, Nikola"]
[Result "1-0"]
[WhiteElo "2480"]
[BlackElo "2355"]
[PlyCount "105"]
[EventDate "1981.04.13"]
[EventType "tourn"]
[EventRounds "11"]
[EventCountry "YUG"]
[EventCategory "9"]
[SourceTitle "MCL"]
[Source "ChessBase"]
[SourceDate "1999.07.01"]
[SourceVersion "1"]
[SourceVersionDate "1999.07.01"]
[SourceQuality "1"]

1. d4 Nf6 2. Nf3 g6 3. c4 Bg7 4. Nc3 0-0 5. e4 d6 6. Be2 e5 7. 0-0 Nbd7 8. Be3 a5 9. Qc2 Ng4 10. Bg5 f6 11. Bh4 c6 12. Rad1 Qe7 13. Rfe1 Nh6 14. c5 exd4 15. cxd6 Qxd6 16. Nxd4 Qe7 17. Na4 Kh8 18. f4 g5 19. Bg3 gxf4 20. Bxf4 Ne5 21. Nb6 Rb8 22. Qc1 Nhf7 23. Bh5 Be6 24. a3 Rbd8 25. Qc3 c5 26. Nf5 Bxf5 27. exf5 Rd4 28. Be3 Rfd8 29. Bxd4 cxd4 30. Qxa5 d3 31. Nc4 Qd7 32. Bxf7 Nxf7 33. Qc3 b5 34. Nb6 Qxf5 35. Qc7 Kg8 36. a4 Bf8 37. Qg3+ Kh8 38. a5 Bc5+ 39. Kh1 Ne5 40. Rf1 Qe6 41. Qh4 Kg7 42. Qe4 Qc6 43. Qe1 Kh8 44. Qh4 Be7 45. h3 Rg8 46. Qf2 f5 47. Rc1 Qb7 48. a6 Qe4 49. Rce1 Bc5 50. Rxe4 Bxf2 51. Rxe5 Bxb6 52. Rxb5 d2 53. Rxb6 1-0

[Event "Banja Luka"]
[Site "Banja Luka"]
[Date "1981.04.??"]
[Round "?"]
[White "Lakic, Nikola"]
[Black "Farago, Ivan"]
[Result "1/2-1/2"]
[WhiteElo "2355"]
[BlackElo "2535"]
[PlyCount "81"]
[EventDate "1981.04.13"]
[EventType "tourn"]
[EventRounds "11"]
[EventCountry "YUG"]
[EventCategory "9"]
[SourceTitle "MCL"]
[Source "ChessBase"]
[SourceDate "1999.07.01"]
[SourceVersion "1"]
[SourceVersionDate "1999.07.01"]
[SourceQuality "1"]

1. Nf3 d5 2. g3 Nf6 3. Bg2 c6 4. 0-0 Bg4 5. d4 Nbd7 6. b3 e6 7. Bb2 Bd6 8. Nbd2 0-0 9. Re1 Qa5 10. a3 c5 11. dxc5 Qxc5 12. c4 Bxf3 13. exf3 a5 14. Rc1 Qb6 15. cxd5 exd5 16. f4 Bc5 17. Rf1 Rad8 18. Nf3 Ne4 19. Bd4 Bxd4 20. Nxd4 Nb8 21. Nf5 Qf6 22. Bxe4 dxe4 23. Qg4 Nc6 24. Qg5 Qxg5 25. fxg5 f6 26. Rfd1 Rd3 27. Nd6 Nd4 28. Rxd3 exd3 29. Rd1 d2 30. gxf6 Rxf6 31. Ne4 Rb6 32. Nxd2 Nxb3 33. Nc4 Re6 34. Rd7 Nc5 35. Rc7 Nd3 36. Rxb7 Re2 37. f4 Ra2 38. Ra7 Rc2 39. Nd6 h6 40. Rxa5 Ne1 41. Ra8+ 1/2-1/2

[Event "Banja Luka"]
[Site "Banja Luka"]
[Date "1981.04.??"]
[Round "?"]
[White "Lakic, Nikola"]
[Black "Hausner, Ivan"]
[Result "1/2-1/2"]
[WhiteElo "2355"]
[BlackElo "2460"]
[PlyCount "47"]
[EventDate "1981.04.13"]
[EventType "tourn"]
[EventRounds "11"]
[EventCountry "YUG"]
[EventCategory "9"]
[SourceTitle "MCL"]
[Source "ChessBase"]
[SourceDate "1999.07.01"]
[SourceVersion "1"]
[SourceVersionDate "1999.07.01"]
[SourceQuality "1"]

1. d4 d6 2. c4 e5 3. Nf3 Nd7 4. Nc3 Ngf6 5. e4 g6 6. Be2 Bg7 7. 0-0 0-0 8. Be3 c6 9. Qc2 Ng4 10. Bg5 f6 11. Bh4 h5 12. h3 Nh6 13. Rad1 Qe8 14. d5 Nf7 15. dxc6 bxc6 16. b4 a5 17. a3 axb4 18. axb4 Kh8 19. Nd2 Rg8 20. Nb3 Nf8 21. c5 dxc5 22. Nxc5 Rb8 23. Rb1 Qe7 24. Qa4 1/2-1/2

[Event "Banja Luka"]
[Site "Banja Luka"]
[Date "1981.04.??"]
[Round "?"]
[White "Tseshkovsky, Vitaly"]
[Black "Lakic, Nikola"]
[Result "1-0"]
[WhiteElo "2530"]
[BlackElo "2355"]
[PlyCount "151"]
[EventDate "1981.04.13"]
[EventType "tourn"]
[EventRounds "11"]
[EventCountry "YUG"]
[EventCategory "9"]
[SourceTitle "MCL"]
[Source "ChessBase"]
[SourceDate "1999.07.01"]
[SourceVersion "1"]
[SourceVersionDate "1999.07.01"]
[SourceQuality "1"]

1. e4 c5 2. Nf3 d6 3. Nc3 a6 4. g3 Nc6 5. Bg2 g6 6. d4 Bg4 7. Ne2 Bg7 8. c3 cxd4 9. cxd4 Nf6 10. h3 Bxf3 11. Bxf3 0-0 12. 0-0 e5 13. d5 Nd4 14. Nxd4 exd4 15. Qxd4 Re8 16. Qb4 a5 17. Qa4 b5 18. Qxb5 Nxe4 19. Re1 Rb8 20. Qa4 f5 21. Bxe4 Rb4 22. Qc2 Rexe4 23. Rxe4 Rxe4 24. Be3 h5 25. h4 Qb8 26. Rb1 Qb5 27. Qd2 Rb4 28. b3 a4 29. Qd1 Be5 30. Kg2 Bd4 31. Bxd4 Qxd5+ 32. Qf3 Qxd4 33. Qa8+ Kh7 34. Re1 Qg7 35. Qd8 Re4 36. Rxe4 fxe4 37. Qxd6 axb3 38. axb3 Qf7 39. Qb6 Qd5 40. Kh2 Kg7 41. b4 Qd2 42. b5 Qb2 43. Kg1 e3 44. Qa7+ Kg8 45. Qb8+ Kg7 46. Qb7+ Kh6 47. fxe3 Qe2 48. b6 Qxe3+ 49. Kg2 Qc5 50. Qc7 Qd5+ 51. Kh2 Qa2+ 52. Kg1 Qa1+ 53. Kf2 Qd4+ 54. Ke2 Qe4+ 55. Kd2 Qd4+ 56. Kc2 Qa4+ 57. Kc3 Qa3+ 58. Kc4 Qa4+ 59. Kc5 Qa3+ 60. Kb5 Qb3+ 61. Ka6 Qa4+ 62. Kb7 Qe4+ 63. Kb8 Qe8+ 64. Qc8 Qe5+ 65. Ka7 Qa5+ 66. Qa6 Qc5 67. Qa1 Kh7 68. Qf6 Qe3 69. Qf7+ Kh8 70. Qf4 Qe6 71. Qd4+ Kh7 72. b7 Qa2+ 73. Kb6 Qb3+ 74. Kc6 Qxg3 75. Qd6 Qg2+ 76. Kc7 1-0

[Event "YUG-ch35"]
[Site "Skender Vakuf (Knezevo)"]
[Date "1980.03.08"]
[Round "15"]
[White "Lakic, Nikola"]
[Black "Ristic, Nenad"]
[Result "1-0"]
[WhiteElo "2395"]
[BlackElo "2325"]
[PlyCount "84"]
[EventDate "1980.02.20"]
[EventType "swiss"]
[EventRounds "15"]
[EventCountry "YUG"]
[SourceTitle "EXT 2004"]
[Source "ChessBase"]
[SourceDate "2003.11.25"]
[SourceVersion "1"]
[SourceVersionDate "2003.11.25"]
[SourceQuality "1"]

1. d4 Nf6 2. c4 e6 3. Nc3 d5 4. Bg5 c5 5. cxd5 cxd4 6. Qa4+ Qd7 7. Qxd4 Nc6 8. Qd2 Nxd5 9. a3 Nxc3 10. Qxc3 f6 11. Rd1 Qf7 12. Be3 e5 13. Bc5 Bxc5 14. Qxc5 Be6 15. e3 Rc8 16. Nf3 Nd4 17. Bb5+ Nxb5 18. Qxb5+ Rc6 19. 0-0 0-0 20. Rfe1 Rb6 21. Qa5 Bg4 22. Qxa7 Rxb2 23. Rd2 Rb3 24. h3 Bd7 25. Red1 Bc6 26. Rd8 g5 27. Qb8 Kg7 28. Nd2 Rxd8 29. Qxd8 Rxa3 30. Ne4 Kg6 31. Ng3 Qe8 32. Qd6 Ra8 33. e4 h5 34. Qd3 Qe6 35. Nf5 b5 36. f3 b4 37. Qc2 b3 38. Qc3 Ba4 39. Rd6 Qe8 40. h4 Rc8 41. Qd2 Kf7 42. hxg5 Rc2 1-0